| 000 | 00712cab a2200229 4500 | ||
|---|---|---|---|
| 001 | WB3404-54 | ||
| 008 | 090401t1998 xxu||||| |||| 00| 0 eng d | ||
| 035 | _a(Sirsi) u83375 | ||
| 041 | _aeng | ||
| 245 | _aRail freight wins | ||
| 260 | _c1998 | ||
| 350 | _a0 | ||
| 490 |
_aObserver _v25 January 1998, 6(4) |
||
| 520 | _aFollowing a sharp decline in the use of rail freight between 1975 and 1995, the industry is planning to triple business over the next 10 years to achieve a 20% share of UK freight traffic. | ||
| 650 | _aRAIL FREIGHT | ||
| 650 | _aRAILWAYS | ||
| 650 | _aROAD CONGESTION | ||
| 650 | _aROAD HAULAGE | ||
| 690 | _aTRANSPORT AND COMMUNICATIONS | ||
| 942 | _n0 | ||
| 948 | _c28/01/1998 | ||
| 999 |
_c52659 _d52659 |
||